000 00685nam a2200205Ia 4500
003 GCL
008 140319s9999 xx 000 0 ara d
040 _aGCL /
_cGCL
082 0 4 _a415.2
_bب ب
100 1 _aبسيونى عبدالفتاح فيود
245 1 0 _aبين المكنية والتبعية والمجازالعقلى عرض وتحليل وموازنة /
_cبسيونى عبدالفتاح فيود
260 _a[S.N] :
_bمطبعة الحسين الاسلامية ،
_c1993
300 _a168 ص
490 _a
650 0 4 _aالنحو
650 0 4 _aاللغة العربية
650 0 4 _aالصرف
650 0 4 _aالبلاغة العربية
942 _2ddc
_cBK
999 _c37180
_d37180